1541 1720 1950 1806 1792 1366 1297 1223 1704 1909 1966 1247 1893 1783 1907 1088 1663 1446 1823 1117 1839 1035 1565 1674 1502 1444 1298 1789 1538 1319 1964 1894 1216 1239 1592 1653 1841 1565 1948 1675 1821 1918 1810 1310 1279 1794 1038 1870 1027 1294 1466 1048 1636 1712 1852 1032 1505 1792 1657 1663 1732 1178 1144 1024 1156 1792 1266 1929 1453 1486 1025 1978 1468 1845 1870 1061 1965 1371 1288 1282 1715 1067 1914 1884 1636 1672 1888 1191 1417 1482 1544 1889 1784 1618 1655 1517 1974 1351 1581 BCNSPRNW ULIB Ver.6.0+V

เปลี่ยนเป็นภาษาไทย

Change to English
 แสดงรายละเอียดบรรณานุกรม
  กลับหน้าหลัก

Brief Record : Get Marc (ISO 2709) : E-mail record : QR code < ปิดหน้าต่าง
LEADER : 00000nam 2200000uu 4500
001    13399112395
003     ULIB
008    110810s2544||||th 000 0 tha d
020    9743611665
040    cl
050  4 HF5549.5J6^bส782ก 2544
100 0  สุภาพร พิศาลบุตร
245 10 การวิเคราะห์งาน =^bJob analysis /^cสุภาพร พิศาลบุตร
246 31 Job analysis
250    พิมพ์ครั้งที่ 3
260    กรุงเทพฯ :^bคณะวิทยาการจัดการ สถาบันราชภัฏสวนดุสิต,^c2544
300    ก-ญ, 322 หน้า ;^c26 ซม.
650  7 การวิเคราะห์งาน
710 2  สถาบันราชภัฏสวนดุสิต. ^bคณะวิทยาการจัดการ
945    ^p150^l0^i013966
945    ^p150^l0^i013967
945    ^p150^l0^i013968
995    ทศพร
999 ^a ทศพร
รายการนี้ยังไม่มีแท็ก
คุณยังไม่ได้ล็อกอิน คุณสามารถมีกิจกรรมร่วมกับเว็บไซต์ได้ แต่ต้องล็อกอินก่อน ::
  ล็อกอิน

รายการสื่อสารสนเทศ

ลำดับที่ ประเภท เลขเรียก/บาร์โค้ด สถานที่ สถานะ
- ไม่พบข้อมูล -

BibComment


ยังไม่เคยถูกคอมเมนท์

คอมเมนท์ทรัพยากรรายการนี้
  คอมเมนท์: การวิเคราะห์งาน ..


 Copyright 2026. Bcnsprnw @Library